000 00516nam a22001937a 4500
003 KOHA_MİRAKIL
005 20251006101259.0
008 251006b tu ||||| |||| 00| 0 tur d
020 _a9786057651013
040 _aTR-AnABB
_btur
_cTR-AnABB
041 _atur
082 _a211.8
_bGUL 2019
100 1 _aGülfil, Derya,
245 1 0 _aAteizmin psikolojisi /
_cDerya Gülfil
260 _aAnkara :
_bMaarif Mektepleri,
_c2019
300 _a250 sayfa ;
_c21 cm
650 0 4 _aPsikoloji
942 _2ddc
_cBK
999 _c9096
_d9096
900 _bGizem YORULMAZ